| 000 | 00384nam a22001697a 4500 | ||
|---|---|---|---|
| 005 | 20160620123952.0 | ||
| 008 | 160620b xxu||||| |||| 00| 0 eng d | ||
| 020 | _a81-239-0359-6 | ||
| 041 | _aeng | ||
| 082 | _b8504 | ||
| 100 |
_aJain, er. V.k. _92317 |
||
| 245 | _aA Dictionary of Electronics | ||
| 260 |
_bCBS _c2002 |
||
| 300 | _a448 | ||
| 650 |
_aManagement _9241 |
||
| 942 | _cBK | ||
| 999 |
_c3263 _d3262 |
||